[Event "IECC Swiss-562.1"]
[Site "IECC email"]
[Date "2012.06.03"]
[Round "?"]
[White "Garau, Bernard"]
[Black "Wincinson, Ginger Alice"]
[Result "1-0"]
[WhiteElo "1275"]
[BlackElo "1371"]
[PlyCount "33"]
[EventDate "2012.??.??"]
[EventType "swiss (corr)"]
[EventRounds "1"]
[SourceTitle "Corr 2020"]
[Source "ChessBase"]
[SourceDate "2019.09.30"]
[SourceVersion "1"]
[SourceVersionDate "2019.09.30"]
[SourceQuality "1"]
[WhiteTeam "France"]
[BlackTeam "England"]
[WhiteTeamCountry "FRA"]
[BlackTeamCountry "ENG"]

1. Nf3 Nf6 2. g3 d5 3. Bg2 g6 4. 0-0 Bg7 5. d3 0-0 6. Nbd2 c5 7. e4 Nc6 8. c3 dxe4 9. dxe4 Qc7 10. Qe2 e5 11. Rd1 Rd8 12. b3 a6 13. Ba3 Bf8 14. Nf1 Be6 15. Ng5 Bg4 16. f3 Bd6 17. fxg4 1-0

[Event "IECC KO-5081"]
[Site "IECC email"]
[Date "2012.05.24"]
[Round "?"]
[White "Wincinson, Ginger Alice"]
[Black "Jordaan, Wayne"]
[Result "0-1"]
[WhiteElo "1362"]
[BlackElo "1828"]
[PlyCount "36"]
[EventDate "2012.??.??"]
[EventType "match (corr)"]
[EventRounds "2"]
[SourceTitle "Corr 2020"]
[Source "ChessBase"]
[SourceDate "2019.09.30"]
[SourceVersion "1"]
[SourceVersionDate "2019.09.30"]
[SourceQuality "1"]
[WhiteTeam "England"]
[BlackTeam "South Africa"]
[WhiteTeamCountry "ENG"]
[BlackTeamCountry "RSA"]

1. e4 c5 2. Nf3 d6 3. d4 cxd4 4. Nxd4 Nf6 5. Nc3 a6 6. f3 e5 7. Nb3 Be6 8. Be3 Nbd7 9. g4 Be7 10. Qd2 h6 11. 0-0-0 Qc7 12. h4 Nb6 13. Kb1 Nc4 14. Bxc4 Qxc4 15. g5 hxg5 16. hxg5 Rxh1 17. Rxh1 Nd7 18. Rh8+ Nf8 0-1

[Event "IECC M1-2012.T016"]
[Site "IECC email"]
[Date "2012.04.07"]
[Round "?"]
[White "Hargreaves, Richard"]
[Black "Wincinson, Ginger Alice"]
[Result "0-1"]
[WhiteElo "1642"]
[BlackElo "1343"]
[PlyCount "32"]
[EventDate "2012.??.??"]
[EventType "match (corr)"]
[EventRounds "2"]
[SourceTitle "Corr 2020"]
[Source "ChessBase"]
[SourceDate "2019.09.30"]
[SourceVersion "1"]
[SourceVersionDate "2019.09.30"]
[SourceQuality "1"]
[WhiteTeam "England"]
[BlackTeam "England"]
[WhiteTeamCountry "ENG"]
[BlackTeamCountry "ENG"]

1. c4 e5 2. g3 d5 3. Nf3 e4 4. Nd4 dxc4 5. Qa4+ c6 6. Qxc4 Nf6 7. Bg2 b5 8. Qc3 b4 9. Qe3 Bc5 10. Nxc6 Bxe3 11. Nxd8 Bb6 12. Nxf7 Kxf7 13. d3 Be6 14. dxe4 Nc6 15. e3 Ne5 16. 0-0 Bc5 0-1

[Event "IECC CL7-2011.09 email"]
[Site "IECC email"]
[Date "2012.01.10"]
[Round "?"]
[White "Wincinson, Ginger Alice"]
[Black "Simmons, Ernest"]
[Result "1-0"]
[WhiteElo "1257"]
[BlackElo "1052"]
[PlyCount "29"]
[EventDate "2012.??.??"]
[EventType "tourn (corr)"]
[EventRounds "4"]
[SourceTitle "Corr 2020"]
[Source "ChessBase"]
[SourceDate "2019.09.30"]
[SourceVersion "1"]
[SourceVersionDate "2019.09.30"]
[SourceQuality "1"]
[WhiteTeam "England"]
[BlackTeam "United States"]
[WhiteTeamCountry "ENG"]
[BlackTeamCountry "USA"]

1. e4 c6 2. Nf3 d5 3. Nc3 dxe4 4. Nxe4 Bf5 5. Ng3 Bd7 6. d4 e6 7. Ne4 Be7 8. Bf4 Nf6 9. Nd6+ Bxd6 10. Bxd6 Bc8 11. Ba3 Nbd7 12. Nd2 Nd5 13. Nc4 f6 14. Nd6+ Kf8 15. Nxb7+ 1-0

[Event "IECC KO-1082"]
[Site "IECC email"]
[Date "2011.11.08"]
[Round "?"]
[White "Buckle, Rodney"]
[Black "Wincinson, Ginger Alice"]
[Result "0-1"]
[WhiteElo "1181"]
[BlackElo "1119"]
[PlyCount "37"]
[EventDate "2011.??.??"]
[EventType "match (corr)"]
[EventRounds "2"]
[SourceTitle "Telechess CBM 149"]
[Source "ChessBase"]
[SourceDate "2012.07.17"]
[SourceVersion "1"]
[SourceVersionDate "2012.07.17"]
[SourceQuality "1"]
[WhiteTeam "England"]
[BlackTeam "England"]
[WhiteTeamCountry "ENG"]
[BlackTeamCountry "ENG"]

1. d4 f5 2. Bf4 Nf6 3. e3 g6 4. Be2 d6 5. Nh3 h6 6. Nc3 Be6 7. 0-0 g5 8. Bg3 c6 9. f4 g4 10. Nf2 h5 11. Bh4 Nbd7 12. e4 Nxe4 13. Ncxe4 Qb6 14. Ng3 0-0-0 15. c4 Kb8 16. c5 dxc5 17. dxc5 Nxc5 18. Qc2 Bh6 19. Bxe7 0-1